Out from Boneville / (Record no. 9030)
[ view plain ]
| 000 -LEADER | |
|---|---|
| fixed length control field | 00966nam a22002777a 4500 |
| 001 - CONTROL NUMBER | |
| control field | 9030 |
| 003 - CONTROL NUMBER IDENTIFIER | |
| control field | FISKH |
| 005 - DATE AND TIME OF LATEST TRANSACTION | |
| control field | 20251120150957.0 |
| 008 - FIXED-LENGTH DATA ELEMENTS--GENERAL INFORMATION | |
| fixed length control field | 251114b cb ||||| |||| 00| 0 eng d |
| 020 ## - INTERNATIONAL STANDARD BOOK NUMBER | |
| International Standard Book Number | 9780439706407 |
| 040 ## - CATALOGING SOURCE | |
| Original cataloging agency | FISKH |
| Language of cataloging | eng |
| Transcribing agency | FISKH |
| Modifying agency | FISKH |
| 050 ## - LIBRARY OF CONGRESS CALL NUMBER | |
| Classification number | PN6727.S546 B66 |
| 082 ## - DEWEY DECIMAL CLASSIFICATION NUMBER | |
| Classification number | 741.5973 |
| 100 ## - MAIN ENTRY--PERSONAL NAME | |
| Personal name | Smith, Jeff |
| Relator term | Author |
| 245 ## - TITLE STATEMENT | |
| Title | Out from Boneville / |
| Statement of responsibility, etc. | By Jeff Smith ; With color by Steve Hamaker |
| 260 ## - PUBLICATION, DISTRIBUTION, ETC. | |
| Place of publication, distribution, etc. | New York : |
| Name of publisher, distributor, etc. | Scholastic , |
| Date of publication, distribution, etc. | 1996 |
| 300 ## - PHYSICAL DESCRIPTION | |
| Extent | 138 pages : |
| Other physical details | color illustrations ; |
| Dimensions | 23 cm |
| 490 ## - SERIES STATEMENT | |
| Series statement | Bone : |
| Volume/sequential designation | #1 |
| 505 ## - FORMATTED CONTENTS NOTE | |
| Formatted contents note | G<br/> |
| 520 ## - SUMMARY, ETC. | |
| Summary, etc. | The adventure starts when cousins Fone Bone, Phoney Bone, and Smiley Bone are run out of Boneville and later get separated and lost in the wilderness, meeting monsters and making friends as they attempt to return home.<br/> |
| 521 8# - TARGET AUDIENCE NOTE | |
| Target audience note | 360<br/> |
| Source | Lexile<br/> |
| 521 8# - TARGET AUDIENCE NOTE | |
| Target audience note | G<br/> |
| Source | Raz-Plus<br/> |
| 650 ## - SUBJECT ADDED ENTRY--TOPICAL TERM | |
| Topical term or geographic name entry element | Comics & Graphic Novels |
| Form subdivision | Dragons |
| 942 ## - ADDED ENTRY ELEMENTS (KOHA) | |
| Source of classification or shelving scheme | Dewey Decimal Classification |
| Koha item type | Books |
| Suppress in OPAC | No |
| Withdrawn status | Lost status | Source of classification or shelving scheme | Damaged status | Not for loan | Home library | Current library | Shelving location | Date acquired | Total Checkouts | Full call number | Barcode | Date last seen | Date last checked out | Copy number | Price effective from | Koha item type |
|---|---|---|---|---|---|---|---|---|---|---|---|---|---|---|---|---|
| Dewey Decimal Classification | Footprints International School Library Network Toul Tom Poung Campus | Footprints International School Library Network Toul Tom Poung Campus | TTP Comic Books all Levels | 11/14/2025 | 1 | SMI 741.5973 PN6727.S546 B66 | FIS00630 | 04/02/2026 | 03/10/2026 | 1 | 11/14/2025 | Books |
